[Event "Mecklenburg VP LL2 Ost 0001"]
[Site "Mecklenburg VP"]
[Date "2001.01.07"]
[Round "4.8"]
[White "Kluge, Oliver"]
[Black "Jeske, Holger"]
[Result "0-1"]
[WhiteElo "696"]
[BlackElo "1852"]
[PlyCount "68"]
[EventDate "2000.10.15"]
[EventType "team-tourn"]
[EventRounds "9"]
[EventCountry "GER"]
[SourceTitle "EXT 2016"]
[Source "ChessBase"]
[SourceDate "2015.10.08"]
[SourceVersion "1"]
[SourceVersionDate "2015.10.08"]
[SourceQuality "1"]
[WhiteTeam "Neustrelitz TSG"]
[BlackTeam "Rostock PSV II"]
[WhiteTeamCountry "GER"]
[BlackTeamCountry "GER"]

1. e4 c5 2. Nc3 Nc6 3. Nf3 g6 4. Bc4 Bg7 5. d3 e6 6. 0-0 Nge7 7. Bg5 f6 8. Be3 b6 9. Nb5 d5 10. exd5 exd5 11. Bb3 a6 12. Na3 Bg4 13. h3 Bxf3 14. Qxf3 Rc8 15. c3 0-0 16. Rfe1 Kh8 17. Re2 Ne5 18. Qg3 Nf5 19. Qh2 Nh4 20. Qg3 Nf5 21. Qh2 Nxd3 22. f4 Re8 23. Rd1 c4 24. Nxc4 dxc4 25. Bxc4 Rxc4 26. Rdd2 Nxe3 27. Qg3 Rce4 28. b3 Bh6 29. Qh4 Nf5 30. Rxe4 Rxe4 31. Rxd3 Qxd3 32. Qxf6+ Bg7 33. Qxb6 Re1+ 34. Kh2 Qg3# 0-1